000 00538nam a22001817a 4500
003 OSt
005 20251104074154.0
008 251104b |||||||| |||| 00| 0 eng d
020 _a0-02-655611-1.
040 _aDWCL-Main lib
_cOC
082 _aCirc. 782.5 C551 1999
100 _aMollie, Tower G.
245 _aChoral connections :
_bmix voices
_cMollie, Tower G.
260 _aN. Y. :
_bGlencoe/McGraw-Hill,
_cc1999.
300 _axiii, 278 pages :
_billustration ;
_c27 cm.
650 _21. Choral music.
942 _2ddc
_cBK-CIRC
_kCirc.
_n0
999 _c5429
_d5429